Statistiques concernant Paroles "Des sauvages" - Pocahontas (Disney)

Cliquez ici pour prendre le quiz!

Statistiques générales

  • Ce quiz a été pris 531 fois
  • Le résultat moyen est 156 sur 193

Statistiques - réponses

PersonnageParoles% Correct
de
99%
sa
99%
Amérindiens | Colons anglais | Powhatan | TousDes
98%
des
98%
sauvages
98%
le
96%
Amérindiens | Colons anglaisTous
93%
tous
93%
à
92%
a
92%
les
92%
il
91%
RatcliffeIl
91%
pas
90%
ne
88%
son
88%
ils
87%
Amérindiens | KekataIls
87%
ces
86%
guerre
85%
humains
85%
la
85%
sont
85%
tambours
85%
êtres
84%
PowhatanNous
83%
nous
83%
se
83%
blanc
82%
est
81%
un
81%
qu'il
80%
je
79%
c'est
78%
comme
78%
en
78%
moi
77%
TousAu
74%
au
74%
PowhatanBattons
74%
battons
74%
l'homme
73%
sans
73%
avec
72%
démon
72%
l'or
72%
méchants
72%
même
72%
RatcliffeMême
72%
rien
72%
dans
71%
mort
71%
seul
71%
une
71%
faire
70%
forcément
70%
n'y
70%
faut
69%
blancs
68%
dieu
68%
tuer
68%
païens
67%
voyous
67%
adore
66%
raison
66%
balle
65%
bons
65%
encore
65%
peau
65%
race
65%
tête
65%
vermine
65%
avions
64%
coeur
64%
bêtes
63%
l'extermine
63%
remord
63%
ses
63%
vipères
63%
d'indiens
61%
d'une
61%
glissent
60%
chassons
59%
RatcliffeChassons
59%
puisqu'ils
59%
sèment
59%
tueurs
58%
enfer
57%
qu'ils
56%
vices
56%
aillent
53%
méfions-nous
53%
carnage
52%
KekataDessous
49%
commençons
48%
BenSoldats
48%
lys
47%
vos
45%
RatcliffeL'avenir
44%
mains
44%

Distribution des résultats

Percentile par nombre de réponses

% des personnes avec chaque résultat

Votre développement - résultats

Vous n’avez pas pris ce quiz